=LDR 00000nam 2200000 4500 =001 INLIS000000000013715 =005 20250429085857 =035 ##$$a 0010-061300000013715 =008 250429################b##########0#ind## =041 ##$$a Ind =082 ##$$a F Rom K =090 ##$$a F Rom K, Kuc k =245 ##$$a Kucing bersepatu lars /$c Indira Sutrisno =260 ##$$a Jakarta :$b Progres,$c 2003 =300 ##$$a 132 hlm : $b ilus ; $c 20 x 13 cm =650 #4$$a Fiksi kanak-kanak =850 ##$$a NBPNMAT =020 ##$$a 979-3359-37-4 =084 ##$$a F Rom K KUC =700 #$$a Indira Sutrisno =990 ##$$a 27832783 =990 ##$$a 16021602 =990 ##$$a 10405646 =990 ##$$a 1202500610